Parížska mierová zmluva z roku 1947

Bibliographic Details
Main Author: Romsics, Ignác, 1951- (Author)
Other Authors: Borbášová, Katarína (Translator)
Format: Book
Language:Slovak
Hungarian
PhysicalDescription:355 s. ilustr., mapy, tab. 21 cm
Published: Bratislava Kalligram 2008
ISBN:9788081010149
Edition:1. vyd.
Series:Os
Subjects:

MARC

LEADER 00000nam a2200000 a 4500
001 vtls009288022
003 SK-MaSNL
005 20260301053541.0
008 240314s2008 xo ab g 000 0dslo
015 |a SNBA2008/05-02365 
020 |a 9788081010149  |q (brož.) 
035 |a urn:nbn:sk:snk-am0094dr 
035 |a urn:nbn:sk:snk-am3hbf7 
035 |a EBA3DEC8-33DE-4375-B7C1-9781BABD36FC 
040 |a SNK  |b slo  |c SNK  |e AACR2 
041 1 |a slo  |h hun 
044 |a xo  |c SK 
072 7 |a 341  |x Medzinárodné právo  |2 konspekt 
080 |a 341.382  |2 2001 
080 |a 005.745:327.364  |2 2001 
080 |a 94(100)"1939/1945"  |2 2001 
080 |a (=162.4):(=511.141)  |2 2001 
080 |a 327  |2 2001 
080 |a 341.76  |2 2001 
080 |a (439)  |2 2001 
080 |a (048.8)  |2 2001 
100 1 |a Romsics, Ignác,  |d 1951-  |4 aut  |9 311854 
240 1 3 |a Az 1947-es párizsi békeszerdődés  |l Slovensky 
245 1 0 |a Parížska mierová zmluva z roku 1947  |c Ignác Romsics ; [z maďarského originálu preložila Katarína Borbášová] 
250 |a 1. vyd. 
260 |a Bratislava  |b Kalligram  |c 2008 
300 |a 355 s.  |b ilustr., mapy, tab.  |c 21 cm 
490 1 |a Os 
504 |a Bibliogr. s. 341-355 
504 |a Bibliogr. odkazy 
648 7 |a 1944-1947  |2 SNKPH  |9 364201 
650 0 7 |a mierové zmluvy  |2 SNKPH  |9 4437 
650 0 7 |a mierové konferencie  |2 SNKPH  |9 4794 
650 0 7 |a druhá svetová vojna (1939-1945)  |2 SNKPH  |9 169657 
650 0 7 |a Slováci a Maďari  |2 SNKPH  |9 64961 
650 0 7 |a zahraničná politika  |2 SNKPH  |9 971 
650 0 7 |a Parížska mierová zmluva, 1947  |2 NKPH  |9 364202 
651 7 |a Maďarsko  |x zahraničné vzťahy  |2 SNKPH  |9 325614 
655 7 |a monografie  |2 SNKPH  |9 70139 
700 1 |a Borbášová, Katarína  |4 trl  |9 301240 
830 0 |a Os  |9 311855 
919 |a 978-80-8101-014-9 
958 |a OP 
958 |a HU 
958 |a OND 
968 |b MAG  |d 34 
999 |c 608613  |d 610543 
952 |a SNK  |b SNK  |y PREZ  |7 0  |p 17A0590494  |o snkSC 132178  |i snk2008/11888  |8 0  |0 0  |1 0  |4 0  |d 2008-06-05  |f 1  |l 0  |r 2025-06-23 00:00:00  |w 2026-02-23 
952 |a SNK  |b SNK  |y VYP  |7 0  |p 17A0590495  |o snkSC 132178 D1  |i snk2008/11889  |8 0  |0 0  |1 0  |4 0  |d 2008-06-05  |l 0  |r 2026-02-23 16:15:47  |w 2026-02-23